MARC details
| 000 -CABECERA |
| campo de control de longitud fija |
00793nam a2200181 a 4500 |
| 001 - NÚMERO DE CONTROL |
| campo de control |
000042220 |
| 005 - FECHA Y HORA DE LA ÚLTIMA TRANSACCIÓN |
| campo de control |
20201002040020.0 |
| 008 - DATOS DE LONGITUD FIJA--INFORMACIÓN GENERAL |
| campo de control de longitud fija |
131119s1981 sp f 000 0 spa d |
| 020 ## - NÚMERO INTERNACIONAL ESTÁNDAR DEL LIBRO |
| Número Internacional Estándar del Libro |
840004942X |
| 040 ## - FUENTE DE LA CATALOGACIÓN |
| Centro catalogador/agencia de origen |
DO-SdBNP |
| Lengua de catalogación |
spa |
| Centro/agencia transcriptor |
BNPHU |
| 245 00 - MENCIÓN DE TÍTULO |
| Título |
I. Madrigales Españoles Inéditos del siglo XVI : |
| Resto del título |
II. Cancionero de la Casanatense / |
| Mención de responsabilidad, etc. |
transcripción y estudio por Miguel Querol Gavaldá. |
| 260 ## - PUBLICACIÓN, DISTRIBUCIÓN, ETC. |
| Lugar de publicación, distribución, etc. |
Barcelona : |
| Nombre del editor, distribuidor, etc. |
Instituto Español de Musicología, |
| Fecha de publicación, distribución, etc. |
1981. |
| 300 ## - DESCRIPCIÓN FÍSICA |
| Extensión |
128 p., [4] h. de lám. : |
| Otras características físicas |
il., partituras ; |
| Dimensiones |
32 cm. |
| 490 1# - MENCIÓN DE SERIE |
| Mención de serie |
Monumentos de la música española |
| Designación de volumen o secuencia |
40 |
| 504 ## - NOTA DE BIBLIOGRAFÍA, ETC. |
| Nota de bibliografía, etc. |
Incluye referencias bibliográficas y notas al pie de las páginas |
| 710 2# - PUNTO DE ACCESO ADICIONAL--NOMBRE DE ENTIDAD CORPORATIVA |
| Nombre de entidad corporativa o nombre de jurisdicción como elemento de entrada |
Consejo Superior de Investigaciones Científicas, |
| 9 (RLIN) |
4786 |
| 830 #0 - PUNTO DE ACCESO ADICIONAL DE SERIE-TÍTULO UNIFORME |
| Título uniforme |
Monumentos de la música española |
| Designación de volumen o secuencia |
40 |
| 9 (RLIN) |
65588 |